000
00250nam a2200097Ia 4500
001
1181562
005
20250827020817.0
008
250824s9999 xx 000 0 und d
245
0
_a
SULAR ÜSTÜNDE GÖKLER ALTINDA
_c
KAAN MURAT YANIK
260
_b
KETEBE
999
_c
1181562
_d
1181562